Les 2 villes les plus peuplées par région française en D - Statistiques

Statistiques générales
  • Ce quiz a été pris 95 fois
  • Le résultat moyen est 9 sur 24
Statistiques - réponses
Régions Départements Population Villes % Correct
Bourgogne Franche Comté Côte d'Or 160 000 Dijon
94%
Hauts de France Nord 87 000 Dunkerque
84%
Nouvelle Aquitaine Landes 22 000 Dax
77%
Centre Val de Loire Eure et Loir 31 000 Dreux
70%
Île de France Seine Saint Denis 71 000 Drancy
69%
Nord 47 000 Douai
63%
Normandie Seine Maritime 29 000 Dieppe
61%
Bretagne Côtes d'Armor 15 000 Dinan
61%
Jura 24 000 Dôle
61%
Provence Alpes Côte d’Azur Var 43 000 Draguignan
61%
Alpes de Haute Provence 18 000 Digne les Bains
57%
Finistère 14 000 Douarnenez
43%
Auvergne Rhône Alpes Rhône 24 000 Décines-Charpieu
28%
Essonne 30 000 Draveil
16%
Ain 10 000 Divonne les Bains
12%
Occitanie Aveyron 5 000 Decazeville
11%
Pays de la Loire Maine et Loire 11 000 Doué en Anjou
8%
Seine Maritime 10 000 Darnétal
6%
Indre 8 000 Déols
5%
Loire Atlantique 8 000 Donges
4%
Charente Maritime 6 000 Dompierre sur Mer
2%
Grand Est Meurthe et Moselle 10 000 Dombasle sur Meurthe
1%
Aveyron 3 000 Druelle Balsac
1%
Bas Rhin 5 000 Drusenheim
1%
Aucun quiz correspondant
Distribution des résultats
% des personnes avec chaque résultat
Percentile par nombre de réponses
Votre historique - résultats
Vous n’avez pas pris ce quiz